Fundamentos de mercadotecnia /

Guardado en:
Autor Principal: Kotler, Philip
Otros Autores: Armstrong, Gary
Formato: Libro
Publicado: México : Prentice Hall, 1991
Edición:2a. ed.
Materias:
Etiquetas: Agregar Etiqueta
Sin Etiquetas, Sea el primero en etiquetar este registro!
LEADER 02171nam a22002055a 4500
001 CEM.cems009512
005 20080902085350.0
008 130507s1991##################000#0#####d
003 CEMS
020 |a 9688802263 
082 0 4 |a 658.83 
100 1 |a Kotler, Philip 
245 1 0 |a Fundamentos de mercadotecnia /  |c Philip Kotler, Gary Armstrong 
250 |a 2a. ed. 
260 |a México :  |b Prentice Hall,  |c 1991 
300 |a 654 p. 
505 0 |a Comprensión de la mercadotecnia y del proceso de administración de la mercadotecnia -- Fundamentos sociales de la mercadotecnia: la satisfacción de las necesidades humanas -- La planeación estrátegica y el papel de la mercadotecnia en una organización -- Planeación, ejecución y control de los programas de mercadotecnia -- Análisis de las oportunidades de mercadotecnia -- Investigación de mercados y sistemas de información -- El ambiente de mercadotecnia -- Selección de los mercados meta -- Mercados de consumidores y comportamiento de compra del consumidor -- Mercados organizacionales y comportamiento de compra de la organización -- Segmentación, elección de metas y posicionamiento en el mercado -- Desarrollo de la mezcla de mercadotecnia -- Diseño de productos: marcas, productos, empacado y servicio -- Diseño de productos : desarrollo de nuevos productos y estrategias para el ciclo de vida de los productos -- Fijación del precio de los productos: consideraciones y enfoques sobre la fijación de precios -- Fijación del precio de los productos: estrategias de fijación de precios -- Colocación de productos: canales de distribución y distribución física -- Colocación de productos: menudo y mayoreo -- Promoción de productos: estrategia de comunicación y promoción -- Promoción de productos: publicidad, promoción de ventas y relaciones públicas -- Promoción de productos: ventas personales y administración de ventas -- Mercadotecnia ampliada -- Mercadotecnia internacional -- Mercadotecnia de servicios y mercadotecnia no lucrativa -- Mercadotecnia y sociedad 
653 |a Mercadotecnia 
700 1 |a Armstrong, Gary 
859 |a CEMS  |b BIB. CEMS - 11 de abril  |h 658.83  |i K848a2  |p 19294.97  |t Ej.1